Welcome to the Holygrace Academy Library

Please use search bar below to get started

GERONIMOS VALENTINE (Record no. 9000)

MARC details
000 -LEADER
fixed length control field 00352nam a22001457a 4500
020 ## - INTERNATIONAL STANDARD BOOK NUMBER
ISBN 978-05-4502-136-4
082 ## - DEWEY DECIMAL CLASSIFICATION NUMBER
Classification number 823
Item number STI/G
100 ## - MAIN ENTRY--AUTHOR NAME
Personal name STILTON,GERONIMO
245 ## - TITLE STATEMENT
Title GERONIMOS VALENTINE
246 ## - VARYING FORM OF TITLE
Title proper/short title GERONIMOS VALENTINE
Remainder of title GERONIMOS VALENTINE
260 ## - PUBLICATION, DISTRIBUTION, ETC. (IMPRINT)
Place of publication LONDON
Name of publisher SCHOLASTIC
Year of publication 2023
300 ## - PHYSICAL DESCRIPTION
Number of Pages 103
650 ## - SUBJECT ADDED ENTRY--TOPICAL TERM
Topical Term ENGLISH FICTION
942 ## - ADDED ENTRY ELEMENTS (KOHA)
Koha item type Books
Holdings
Withdrawn status Lost status Collection code Home library Current library Shelving location Date acquired Source of acquisition Cost, normal purchase price Full call number Accession Number Koha item type
    Fiction Main Library Main Library SHELF 4-I GERONIMO STILTON 16/11/2024 PURCHASED 350.00 823 STI/G 13760 Books